Vplyv parametrov aditívnej výroby na mechanické vlastnosti

Gespeichert in:
Bibliographische Detailangaben
1. Verfasser: Polakovič, Vladimír (Verfasst von)
Weitere Verfasser: Buranský, Ivan (Betreuung Doktorarbeit)
Format: Manuskript Buch
Sprache:Slowakisch
Veröffentlicht: 2023
Schlagworte:
Online-Zugang:http://is.stuba.sk/zp/portal_zp.pl?podrobnosti=171967
Tags: Tag hinzufügen
Keine Tags, Fügen Sie das erste Tag hinzu!

MARC

LEADER 00000ntm a22000003a 4500
001 stuzp94297
003 SK-STU
005 20230909221644.8
007 ta
008 150427s2015----xo-----f-mn---000-0-slo-d
040 |a STU  |b slo 
041 0 |a slo 
100 1 |a Polakovič, Vladimír  |u 063000  |4 aut  |U MTF Materiálovotechnologická fakulta  |T MTF Ústav výrobných technológií  |X 96792  |U M3000  |Y 83  |7 96792 
242 0 1 |a Influence of process parameters of additive manufacturing on mechanical properties  |y eng 
245 1 0 |a Vplyv parametrov aditívnej výroby na mechanické vlastnosti 
260 |c 2023 
650 4 |a Impregnácia  |2 slo 
650 4 |a FDM  |2 slo 
650 4 |a Orientácia  |2 slo 
650 4 |a Tvrdosť  |2 slo 
650 4 |a Aditívna výroba  |2 slo 
650 4 |a Pevnosť v ťahu  |2 slo 
650 4 |a Impregnation  |2 eng 
650 4 |a Additive manufacturing  |2 eng 
650 4 |a FDM  |2 eng 
650 4 |a Orientation  |2 eng 
650 4 |a Hardness  |2 eng 
650 4 |a Tensile strength  |2 eng 
700 1 |a Buranský, Ivan  |u 063000  |k Z1  |4 ths  |U MTF Materiálovotechnologická fakulta  |T MTF Ústav výrobných technológií  |X 4587  |U M3000  |Y 83  |7 A000004587 
856 4 |u http://is.stuba.sk/zp/portal_zp.pl?podrobnosti=171967 
996 |c M* DP-15218  |l MMSKP  |s P  |a 0  |w stuzp94297_0001